000 00830nam a2200265 a 4500
005 20140221164400.0
008 140221b1997 -Us||||| |||| 00| 0 eng d
041 _aspa
044 _axxu
090 _aLB
_b00750
100 _aVásquez Martínez, Rodolfo
_99069
245 _aFlórula de las Reservas Biológicas de Iquitos Perú
_bAllpahuayo-Mishana, Explornapo Camp, Explorama Lopge
260 _aSan Louis
_bMissouri Botanical Garden Press
_c1997
300 _a1046 p.
650 _aVegetación
_99070
650 _aReservas naturales
_99071
650 _aClaves taxonómicas
_93514
650 _aPteridofitos
_99072
650 _aGimnospermae
_97278
650 _aAngiospermae
_97277
662 _aPerú
_dIquitos
700 _aTaylor, Charlotte M.
_99073
700 _aRudas Lleras, Agustín
_99074
942 _cImpreso
_2z
999 _c765
_d765